| 000 | 00521nam a22002057a 4500 | ||
|---|---|---|---|
| 003 | OSt | ||
| 005 | 20151104100318.0 | ||
| 008 | 130308t xxu||||| |||| 00| 0 eng d | ||
| 020 | _a0099339315 | ||
| 050 |
_aPS 3515 _b.H488 1993 |
||
| 082 |
_aPS3515. _bE37 A15 1993 |
||
| 100 | _aHemingway, Ernest | ||
| 245 |
_aThe first forty-nine stories _cErnest Hemingway |
||
| 260 |
_aLondon : _bArrow Books, _cc1993. |
||
| 300 | _c18 cm. | ||
| 526 | _c900L to 1010L | ||
| 562 | _e1 | ||
| 942 |
_2lcc _cBK |
||
| 999 |
_c2245 _d2245 |
||